Regio's van Spanje - KAART - Statistieken

Algemene statistieken
  • Deze quiz is 164 keer genomen
  • De gemiddelde score is 10 van 17
Antwoorden op de kaart
Antwoorden kleurgecodeerd door een groen-rode schaal op de quizkaart volgens % correct hieronder.
 
Antwoordstatistieken
Hoofdstad Regio % Correct
Barcelona Catalonie
90%
Madrid Madrid
90%
Vitoria-Gasteiz Baskenland
82%
Valencia Valencia
80%
Sevilla Andalusie
72%
Santa Cruz Canarische Eilanden
72%
Palma Balearen
66%
Murcia Murcia
66%
Santago di Compostella Galicie
64%
Zaragossa Aragon
61%
Oviedo Asturie
46%
Merida Extremadura
46%
Pamplona Navarra
44%
Valladolid Castilie en León
41%
Toledo Castilie La Mancha
41%
Santader Cantabrie
34%
Logroño La Rioja
34%
Geen overeenkomende quizzen gevonden
Scoreverdeling
Procent van Mensen met Elke Score
Percentiel versus Aantal Correcte Antwoorden
Uw Scoregeschiedenis
U heeft deze quiz nog niet genomen